Sports Quiz

Random Sports or MLB Quiz

1970 NL Opening Day Lineups Quiz Stats

Quiz not verified by Sporcle

Challenge
Share
Tweet
Embed
Score 0/120 Timer 12:00
3 Plays Today
Team Player % Correct
RedsLee May
94.9%
PiratesJerry May
94.9%
AstrosJoe Morgan
94.6%
CubsBilly Williams
94.1%
BravesHank Aaron
94%
RedsJohnny Bench
93.9%
GiantsWillie Mays
93.8%
GiantsWillie McCovey
92.7%
CubsRon Santo
92.3%
PiratesWillie Stargell
92.3%
RedsPete Rose
92.1%
MetsCleon Jones
92.1%
PiratesRoberto Clemente
91.2%
CardinalsLou Brock
90.9%
MetsTom Seaver
89.9%
CubsErnie Banks
89.6%
RedsTony Perez
88.8%
CardinalsJoe Torre
87.8%
CardinalsBob Gibson
86.7%
CubsFergie Jenkins
85%
RedsSparky Anderson
84.1%
ExposRusty Staub
84.1%
DodgersWillie Davis
83.4%
AstrosTommy Davis
83.4%
RedsDave Concepcion
83.1%
MetsBud Harrelson
82.4%
PhilliesDeron Johnson
81.9%
BravesOrlando Cepeda
81.2%
DodgersMaury Wills
80.5%
MetsTommy Agee
78.8%
PhilliesLarry Bowa
78.8%
DodgersWalter Alston
78.5%
CubsDon Kessinger
78%
AstrosJim Wynn
77.9%
PadresNate Colbert
77.7%
DodgersWes Parker
77.1%
MetsJerry Grote
76.2%
MetsGil Hodges
76.1%
BravesPhil Niekro
75.6%
PiratesMatty Alou
75.6%
Team Player % Correct
GiantsBobby Bonds
74.7%
CubsGlenn Beckert
72.6%
PiratesBill Mazeroski
71.2%
CardinalsDick Allen
70.4%
BravesSonny Jackson
70.3%
GiantsGaylord Perry
69.8%
PiratesDanny Murtaugh
67.3%
PiratesRichie Hebner
66.7%
PiratesAl Oliver
66.1%
RedsTommy Helms
65.8%
PhilliesTim McCarver
65.7%
BravesClete Boyer
65.5%
AstrosLarry Dierker
65%
BravesFelix Millan
63.9%
MetsRon Swoboda
63.6%
RedsBobby Tolan
63.5%
CubsLeo Durocher
63%
DodgersSteve Garvey
62.6%
CardinalsRed Schoendienst
61.7%
CardinalsJulian Javier
60.2%
AstrosDoug Rader
59.9%
PiratesSteve Blass
59.8%
BravesRico Carty
58.6%
CardinalsDal Maxvill
58.4%
MetsWayne Garrett
56.9%
GiantsTito Fuentes
56.2%
PiratesGene Alley
55.3%
ExposGene Mauch
53.3%
AstrosDenis Menke
52.4%
PadresOllie Brown
52.2%
DodgersClaude Osteen
51.9%
ExposRon Fairly
51.6%
PadresCito Gaston
51.5%
GiantsDick Dietz
51.5%
DodgersTed Sizemore
51.3%
ExposBob Bailey
50.5%
CubsJim Hickman
50.3%
CubsJohnny Callison
48.8%
GiantsClyde King
47.4%
DodgersTom Haller
47.3%
Team Player % Correct
RedsBernie Carbo
46.9%
AstrosJohnny Edwards
45.5%
DodgersWillie Crawford
45.4%
DodgersBill Buckner
45.4%
MetsArt Shamsky
43.6%
PadresPreston Gomez
42.9%
RedsJim Merritt
42.9%
BravesLum Harris
42.1%
PhilliesChris Short
41.7%
ExposCoco Laboy
41.7%
GiantsKen Henderson
41.6%
CubsJ.C. Martin
41.2%
AstrosHarry Walker
41.1%
PhilliesTony Taylor
40.7%
BravesTony Gonzalez
38.7%
GiantsHal Lanier
37.9%
PhilliesDon Money
36.4%
CardinalsJose Cardenal
36.1%
MetsJoe Foy
35.4%
AstrosJoe Pepitone
35.1%
CardinalsJoe Hague
33.6%
AstrosJohn Mayberry
32.7%
ExposBobby Wine
32.7%
CardinalsLeron Lee
32.4%
ExposJohn Boccabella
32.4%
PhilliesDenny Doyle
30.7%
GiantsAl Gallagher
27.4%
BravesBob Didier
26.9%
ExposAdolfo Phillips
26.2%
PhilliesLarry Hisle
26.1%
PhilliesFrank Lucchesi
23.3%
ExposGary Sutherland
23.3%
PhilliesJohn Briggs
23%
PadresChris Cannizzaro
22.4%
PadresDave Campbell
21.4%
PadresJerry Morales
16.7%
PadresTommy Dean
15%
PadresVan Kelly
12.5%
PadresPat Dobson
12%
ExposJoe Sparma
9%

You're not logged in!

Compare scores with friends on all Sporcle quizzes.
Join for Free
OR
Log In

You Might Also Like...

Show Comments

Extras

Top Quizzes Today


Score Distribution

Your Account Isn't Verified!

In order to create a playlist on Sporcle, you need to verify the email address you used during registration. Go to your Sporcle Settings to finish the process.

Report this User

Report this user for behavior that violates our Community Guidelines.

Details: